| 000 | 00813nam a22002057a 4500 | ||
|---|---|---|---|
| 999 |
_c15191 _d15191 |
||
| 003 | OSt | ||
| 082 | _2631.587 BIN/AS | ||
| 088 | _aP 142 | ||
| 100 |
_aBINEESH S _93988 |
||
| 245 | _aAssessment of salient features of ground water resources - a case study in humid tropical region | ||
| 260 |
_aTavanur 2004 _bDepartment of Irrigation and Drainage Engineering |
||
| 300 | _a78 | ||
| 500 | _aAssessment of salient features of ground water resources - a case study in humid tropical region | ||
| 520 | _aAssessment of salient features of ground water resources - a case study in humid tropical region | ||
| 700 |
_aNisha T. V _93555 |
||
| 700 |
_aPreethi Abraham _93989 |
||
| 700 |
_aEr. Asha Joseph (Guide) _93373 |
||
| 856 | _uhttps://drive.google.com/open?id=1r-iCSDqU2djgHDMUm92Sq3P6grmWm0AS | ||
| 942 | _cPR | ||